| 000 | 01087cam a2200301 a 4500 | ||
|---|---|---|---|
| 001 | 26512 | ||
| 003 | BD-RjUL | ||
| 005 | 20211209051028.0 | ||
| 008 | 140322r19531919-uk 001 0 eng d | ||
| 035 | _a(BD-RjUL)26582 | ||
| 040 |
_aOSU _cOSU _dm.c _beng |
||
| 041 | 0 |
_aeng _agrc |
|
| 082 |
_a883.01 _bHOH V-1 1953 |
||
| 100 |
_aHomer, _9117352 |
||
| 245 |
_aHomer, The Odyssey / _cHomer ; with an English Translation by A.T. Murray. _nVolume-II |
||
| 260 |
_aLondon : _bWilliam Heinemann Ltd.; _aCambridge, Mass. : _bHarvard University Press, _c1919 _c[Reprinted 1953]. |
||
| 300 |
_aX, 455 + 10 p. : _bIll.; _c17 cm |
||
| 490 | _aLoeb classical library; | ||
| 500 | _a"Parallel Greek text and English translation." | ||
| 500 | _a"In Twelve Volumes" | ||
| 504 | _aIncludes bibliographical references and index | ||
| 600 |
_aHomer. _9117352 |
||
| 650 |
_aOdysseus (Greek mythology) in literature. _9117353 |
||
| 650 |
_aEpic poetry, Greek _xHistory and criticism. _9117290 |
||
| 700 |
_aMurray, A.T., tr. _9117354 |
||
| 830 | 0 |
_aLoeb classical library ; _9117355 |
|
| 942 |
_2ddc _cBK |
||
| 999 |
_c26512 _d26512 |
||